000 00664nam a2200241 i 4500
003 DO-SdBNP
005 20240119084455.0
006 a||||gr|||| 00| 0
007 ta
008 240119b190? |||||||| |||| 00| 0 eng d
040 _aDO-SdBNP
_bspa
_cBNPHU
_erda
041 _heng
082 4 _222
_bA416s
245 1 3 _aTo all steamship lines /
_cP. A. Esperdt
264 _aNew York, N. Y.
_b[Sin editora]
_c[190?]
300 _a[3] hojas ;
_c31 cm
336 _2rdacontent
_atexto
_btxt
337 _2rdamedia
_asin mediación
_bn
338 _2rdacarrier
_avolumen
_bnc
500 _aLista de antitrujillistas.
590 _aInventariado 2024
942 _2ddc
_cLF2
999 _c55733
_d55733